Name These RDR2 Characters - Statistics

General Stats
  • This quiz has been taken 127 times
  • The average score is 9 of 16
Answer Stats
Picture Answer % Correct
Micah
98%
Mary
94%
Colm
87%
Arthur
86%
Mary Beth
75%
Beau
69%
Josiah
68%
Maybelle
62%
Seamus
57%
Tommy
48%
Nigel
39%
Charles
36%
Charlotte
31%
Algernon
19%
Chick
11%
Marjorie
9%
No matching quizzes found
Score Distribution
Percent of People with Each Score
Percentile by Number Answered
Your Score History
You have not taken this quiz